000 00595nam a2200265Ia 4500
005 20260306164002.0
008 008 260114s9999 xx 000 0 eng d
020 _a9781474412308
037 _aEBOOK
040 _aCRL
040 _beng
040 _cCRL
041 _2eng
041 _aeng
084 _qCRL
100 _aValsan
_91129759
245 0 _aTrusts And Patrimonies
260 _bEdinburgh University Press
260 _c2017
650 _aLaw
856 _uhttps://academic.oup.com/book/35687
942 _cEBOOK
999 _c1712289
_d1712289